=LDR 00000nam 2200000 4500 =001 INLIS000000000050968 =005 20200311065320 =035 ##$$a 0010-0817000151 =007 ta =008 200311################g##########0#ind## =020 ##$$a 978-602-00-3134-7 =082 ##$$a 297.352 2 =084 ##$$a 297.352 2 AGU m =100 #$$a Agus Idwar =245 1#$$a Manjemen Dosa 2 : $b Kumpulan kisah penggelitik logika dan nurani /$c Agus Idwar =250 ##$$a cet.1 =260 ##$$a Jakarta :$b Elex Media Komputindo,$c 2012 =300 ##$$a 220 hlm : $b ilus. ; $c 15 x 17 cm =650 #4$$a Dosa =990 ##$$a 31701607 =990 ##$$a 31701607